000
00307nam a2200109Ia 4500
008
191206s9999 xx 000 0 und d
090
_a
PR8771M62
245
0
_a
new poets: American and British poetry since World War II
260
_a
Oxford University Press
260
_c
c1967
300
_a
"xiv, 350 p. 21 cm."
999
_c
16554
_d
16554